| 000 | 00614cam a22002291 4500 | ||
|---|---|---|---|
| 001 | he 67001961 | ||
| 003 | DLC | ||
| 005 | 20260227111450.0 | ||
| 008 | 840703s1852 gw 000 0 heb | ||
| 010 | _ahe 67001961 | ||
| 035 | _a(OCoLC)19161377 | ||
| 040 |
_aDLC _cMH _dDLC |
||
| 042 | _apremarc | ||
| 050 | 0 | 0 |
_aBM522.5 _b.A33 1852 |
| 100 | 1 | _aJaffe, Mordechai Michael. | |
| 245 | 1 | 0 | _aTeshuvot Maram Yafeh. |
| 260 |
_aHamburg : _bBi-defus N. Halbershá¹adá¹, _c612 [1852] |
||
| 300 |
_a174 p. ; _c22 cm. |
||
| 500 | _aNo more published. | ||
| 650 | 0 |
_aResponsa _y1800-1948. |
|
| 752 |
_aGermany _dHamburg |
||
| 999 |
_c32696 _d32696 |
||